Statistics for Guess the Mystery Taylor Swift Song #1

Click here to take the quiz!

General Stats

  • This quiz has been taken 17 times
  • The average score is 79 of 145

Answer Stats

Answer% Correct
you
100%
a
94%
me
94%
The
88%
the
88%
To
88%
to
88%
It's
82%
like
82%
we
82%
in
76%
my
76%
no
76%
on
76%
too
76%
one
65%
Have
59%
have
59%
nice
59%
up
59%
friend
53%
back,
47%
down,
47%
School
47%
tell
47%
been
41%
give
41%
out
41%
out?"
41%
"babe"
35%
call
35%
Call
35%
hand
35%
Light
35%
roof
35%
Something
35%
Yeah,
35%
yeah,
35%
bell
29%
bells
29%
curfew
29%
home,
29%
home
29%
looks
29%
questions,
29%
Sleeping
29%
stay
29%
Sun
29%
tents
29%
touch
29%
walk
29%
"Wanna
29%
You've
29%
bed
24%
bluff,
24%
chalk
24%
Church
24%
covered
24%
everyday
24%
Feels
24%
fun
24%
games,
24%
gave
24%
gloves,
24%
ground
24%
hang
24%
lately
24%
Lost
24%
nerve
24%
note
24%
pass
24%
pink
24%
Rice
24%
ring,
24%
rings,
24%
Sidewalk
24%
sinks
24%
sky
24%
snow
24%
sounds
24%
stressed
24%
truth
24%
Twenty
24%
Video
24%
weekend
24%
whole
24%
carry
18%

Score Distribution

Percentile by Number Answered

Percent of People with Each Score

Your Score History

You have not taken this quiz